000 00591nam a2200181Ia 4500
008 090630s9999 xx 000 0 und d
082 _b25789
100 _aकर्दळे आशा.
245 _aशरीर यात्रा.
_cकर्दळे आशा.
260 _bपारस - कोल्हापूर.
_c2006
300 _a212
600 _aकर्दळे आशा.
630 _aशरीर यात्रा.
655 _aलघुकथा.
700 _aकर्दळे आशा.
730 _aशरीर यात्रा.
942 _cBOOK
999 _c277645
_d277645